| 000 | 00734nam a2200205 i 4500 | ||
|---|---|---|---|
| 001 | 93638 | ||
| 003 | ES-MaACL | ||
| 005 | 20230906181300.0 | ||
| 007 | t| | ||
| 008 | 050415s1980 sp ||||1| spa d | ||
| 100 | 1 |
_aLópez Candeira, José Antonio. _973489 |
|
| 245 | 1 | 3 |
_aLa escena urbana _b: análisis y evaluación / _cJosé Antonio López Candeira. |
| 260 |
_aMadrid : _bCentro de Estudios y Ordenación del Territorio y Medio Ambiente, _c1980. |
||
| 300 |
_a136 p. : _bil. ; _c30 cm. |
||
| 490 | 1 | _aSerie monografías | |
| 710 | 0 | 0 |
_aCentro de Estudios de Ordenación del Territorio y Medio Ambiente (Madrid) _92623 |
| 830 | 0 |
_aSerie monografías _9179418 |
|
| 852 |
_aES-MaACL _jL-5847 _bR.106431 |
||
| 999 |
_c93638 _d93638 |
||